000 00548nam a2200181Ia 4500
005 20250508163254.0
008 008 250505s9999 xx 000 0 eng d
037 _aTextual
040 _aFEDL
_beng
_cFEDL
041 _aeng
_2eng
084 _a376, UNE
_qFEDL
100 _aChabaud Jacqueline
_993666
245 0 _aEducation and advancement of women
260 _aParis, France
_bUnited Nations Educational, Scientific and Cultural Organization
_c1970
300 _a155p.
942 _cTEXL
_h376, UNE
999 _c1381935
_d1381935